=LDR 00000nam 2200000 4500 =001 000992 =005 20250712022323 =035 ##$$a 0010-0725000871 =007 ta =008 250712################a##########0#ind## =020 ##$$a 978-623-307-730-9 =082 ##$$a 398.209 598 =084 ##$$a 398.209 598 ALL s =245 1#$$a Singa berlari dan sapi berjalan /$c All children reading cambodia =250 ##$$a Cetakan pertama =260 ##$$a Rawamangun :$b Badan pengembangan dan pembinaan bahasa,$c 2022 =300 ##$$a 12 hlm. : $b Ilus. ; $c 22,9 cm. =650 #4$$a Cerita anak indonesia-terjemahan =650 #4$$a Literasi-bahan bacaan =110 ##$$a All children reading cambodia